000 00450nam a2200181Ia 4500
008 230917s9999||||xx |||||||||||||| ||und||
020 _cRS295
040 _e211827
_aMAIN
041 _aEnglish
082 _a342 J78P
100 _aJoshi, K C
245 0 _aPrashasanik Vidhi
250 _a2nd ed.
260 _aLucknow
_bEastern Book Company
_c2012
300 _axl, 408 p.
500 _a3857 31/10/2013 123 23/11/2013 Main Budget
942 _cBK
999 _c34034
_d34034